|
|
|
|
| LEADER |
00000cam a2200000 7i4500 |
| 001 |
0000087913 |
| 005 |
20210112093000.0 |
| 008 |
150119s2014 my eng |
| 050 |
0 |
0 |
|a PN4121
|b . F37 2014
|
| 090 |
0 |
0 |
|a PN4121
|b . F37 2014
|
| 100 |
0 |
|
|a Farwina Yussuf ,
|e author
|
| 245 |
1 |
2 |
|a A study on the level of confidence in communication skills among Universiti Sultan Zainal Abidin Teaching English As A Second Language student
|c Farwina Binti Yussuf
|
| 260 |
|
|
|c 2014
|
| 300 |
|
|
|a xi, 44 p. :
|b ill. ;
|c 30 cm.
|
| 502 |
|
|
|a Project report (Diploma in Teaching English As A Second Language (TESL)
|
| 504 |
|
|
|a Includes bibliographical references (leaves 38-40)
|
| 505 |
0 |
|
|a 1. Introduction -- 2. Literature review -- 3. Methodology -- 4. Result and discussion -- 5. Conclusion and recommendation
|
| 610 |
2 |
0 |
|a Universiti Sultan Zainal Abidin
|x Project report
|
| 650 |
|
0 |
|a Communication
|x Psychological aspects
|
| 650 |
|
0 |
|a Oral communication
|
| 650 |
|
0 |
|a Public speaking
|
| 710 |
2 |
|
|a Universiti Sultan Zainal Abidin .
|b Faculty of Languages And Communication
|
| 999 |
|
|
|a 1000162872
|b Project Report
|c Reference
|e Gong Badak Campus
|